1557 1627 1043 1066 1414 1104 1361 1226 1273 1850 1400 1521 1470 1590 1400 1421 1446 1850 1312 1705 1115 1117 1736 1410 1654 1435 1264 1800 1411 1516 1253 1768 1986 1188 1534 1024 1703 1125 1486 1446 1796 1193 1838 1794 1382 1058 1247 1334 1443 1531 1416 1626 1697 1556 1286 1322 1883 1141 1508 1969 1245 1525 1854 1726 1382 1274 1813 1917 1651 1693 1474 1018 1530 1077 1095 1929 1074 1834 1313 1225 1818 1494 1399 1140 1884 1988 1849 1715 1166 1417 1840 1602 1799 1842 1996 1809 1566 1443 1714 BCNSPRNW ULIB Ver.6.0+V

เปลี่ยนเป็นภาษาไทย

Change to English
 แสดงรายละเอียดบรรณานุกรม
  กลับหน้าหลัก

Brief Record : Get Marc (ISO 2709) : E-mail record : QR code < ปิดหน้าต่าง
LEADER : 00000nam 2200000uu 4500
001    13399123500
003     ULIB
008    141001s2555||||th 000 0 tha d
020    ^a9786165070539
060 04 ^aWA292^bส576ค
100 0  ^aสันต์ หัตถีรัตน์
245 10 ^aคู่มือกู้ชีพ สำหรับแพทย์ พยาบาล และเวชกรทุกระดับ/^cโดย สันต์ หัตถีรัตน์
250    ^aพิมพ์ครั้งที่ 3 (แก้ไขปรับปรุง)
260    ^aกรุงเทพฯ :^bหมอชาวบ้าน,^c2555
300    ^a352 หน้า ;^c24 ซม.
650  7 ^aผู้ป่วยหนัก, การดูแล
650  7 ^aการดูแลขั้นวิกฤต
650  7 ^aบุคลากรสาธารณสุข^xคู่มือ
650  7 ^aปฐมพยาบาล
650  7 ^aการช่วยให้ฟื้น
650  7 ^aการช่วยชีวิต
945    ^p290^l0^i20857
945    ^p290^l0^i20858
945    ^p290^l0^i20859
945    ^p290^l0^i20860
945    ^p290^l0^i20861
995    ทศพร
999 ^a ใช้งานได้ทุกระบบ
รายการนี้ยังไม่มีแท็ก
คุณยังไม่ได้ล็อกอิน คุณสามารถมีกิจกรรมร่วมกับเว็บไซต์ได้ แต่ต้องล็อกอินก่อน ::
  ล็อกอิน

รายการสื่อสารสนเทศ

ลำดับที่ ประเภท เลขเรียก/บาร์โค้ด สถานที่ สถานะ
1. วิทยาศาสตร์การแพทย์ และสุขภาพ
วิทยาศาสตร์การแพทย์ และสุขภาพ
สถานะ=หนังสือเก่า
WA292 ส576ค ฉ.1 
  Barcode: 20857
ห้องสมุดวิทยาเขตนครสวรรค์
►ส่วนจัดเก็บหนังสือเก่า นว.
บนชั้น
  ขอยืม
2. วิทยาศาสตร์การแพทย์ และสุขภาพ
วิทยาศาสตร์การแพทย์ และสุขภาพ
สถานะ=หนังสือเก่า
WA292 ส576ค ฉ.2 
  Barcode: 20858
ห้องสมุดวิทยาเขตนครสวรรค์
►ส่วนจัดเก็บหนังสือเก่า นว.
บนชั้น
  ขอยืม
3. วิทยาศาสตร์การแพทย์ และสุขภาพ
วิทยาศาสตร์การแพทย์ และสุขภาพ
สถานะ=หนังสือเก่า
WA292 ส576ค ฉ.3 
  Barcode: 20859
ห้องสมุดวิทยาเขตนครสวรรค์
►ส่วนจัดเก็บหนังสือเก่า นว.
บนชั้น
  ขอยืม
4. วิทยาศาสตร์การแพทย์ และสุขภาพ
วิทยาศาสตร์การแพทย์ และสุขภาพ
สถานะ=หนังสือเก่า
WA292 ส576ค ฉ.4 
  Barcode: 20860
ห้องสมุดวิทยาเขตนครสวรรค์
►ส่วนจัดเก็บหนังสือเก่า นว.
บนชั้น
  ขอยืม
5. วิทยาศาสตร์การแพทย์ และสุขภาพ
วิทยาศาสตร์การแพทย์ และสุขภาพ
สถานะ=หนังสือเก่า
WA292 ส576ค ฉ.5 
  Barcode: 20861
ห้องสมุดวิทยาเขตนครสวรรค์
►ส่วนจัดเก็บหนังสือเก่า นว.
บนชั้น
  ขอยืม

รายการใกล้เคียง
    ผู้แต่ง [สันต์ หัตถีรัตน์]

    หัวเรื่อง [ผู้ป่วยหนัก, การดูแล]
    หัวเรื่อง [การดูแลขั้นวิกฤต]
    หัวเรื่อง [ปฐมพยาบาล]
    หัวเรื่อง [การช่วยให้ฟื้น]
    หัวเรื่อง [การช่วยชีวิต]

BibComment


ยังไม่เคยถูกคอมเมนท์

คอมเมนท์ทรัพยากรรายการนี้
  คอมเมนท์: คู่มือกู้ชีพ สำห..


 Copyright 2026. Bcnsprnw @Library